000 00406nam a2200157Ia 4500
008 230312s9999||||xx |||||||||||||| ||und||
020 _a0-03-054018-6
082 _a658.8
_bBOO
100 _aLouis E. Boone
245 0 _aContemporary Marketing
260 _bTHE DRYDEN PRESS
_aNew Jersey
_c1992
300 _a683
546 _aEng.
650 _aManagement
_vContemporary ,Marketing Environment
942 _cBK
999 _c380
_d380